Uthamapurushanum sthreepakshavum/ (Record no. 48490)

000 -LEADER
fixed length control field 00370nam a22001451a 4500
082 ## - DEWEY DECIMAL CLASSIFICATION NUMBER
Classification number M3
Item number JOS/U
100 ## - MAIN ENTRY--AUTHOR NAME
Personal name Jose Panachipuram
245 ## - TITLE STATEMENT
Title Uthamapurushanum sthreepakshavum/
Statement of responsibility, etc by Jose Panachipuram
260 ## - PUBLICATION, DISTRIBUTION, ETC. (IMPRINT)
Place of publication Kollam:
Name of publisher Sankeerthanam,
Year of publication 2009.
300 ## - PHYSICAL DESCRIPTION
Number of Pages 55p.
650 ## - SUBJECT ADDED ENTRY--TOPICAL TERM
Topical Term Novel Malayalam
650 ## - SUBJECT ADDED ENTRY--TOPICAL TERM
Topical Term Literature Malayalam
650 ## - SUBJECT ADDED ENTRY--TOPICAL TERM
Topical Term Literature
942 ## - ADDED ENTRY ELEMENTS (KOHA)
Koha item type Book
Holdings
Withdrawn status Lost status Damaged status Not for loan Permanent Location Current Location Date acquired Cost, normal purchase price Full call number Accession Number Cost, replacement price Price effective from Koha item type
        Sree Sankaracharya University of Sanskrit Sree Sankaracharya University of Sanskrit 08.01.2015 40.00 M3 JOS/U 063077 0.00 08.01.2015 Book